000 00505nam a2200181 4500
001 132846
003 ES-MaACL
005 20231207063028.0
007 t|
008 070214s1969 sp r ||||1| spa d
080 _a860-14"19"
100 1 _aRosales, Luis,
_d1910-1992
_999644
245 1 3 _aEl contenido del corazón
_b: elegía /
_cLuis Rosales.
260 _aMadrid :
_bCultura Hispánica,
_c1969.
300 _a155 p. ;
_c21 cm.
852 _aES-MaACL
_jE-5399
999 _c132846
_d132846